"Blakitna karta" Jevropejskogo Sojuzu: mižnarodni, ekonomični ta pravovi aspekti

Enregistré dans:
Détails bibliographiques
Auteur principal: Rusiňák, Peter
Format: Chapitre de livre
Langue:ukrainien
Sujets:
Tags: Ajouter un tag
Pas de tags, Soyez le premier à ajouter un tag!

MARC

LEADER 00000naa$a2200000$$$4500
001 0103404
005 20240502083246.8
041 0 |a ukr 
044 |a UA 
245 1 0 |a "Blakitna karta" Jevropejskogo Sojuzu: mižnarodni, ekonomični ta pravovi aspekti  |c Peter Rusiňák 
610 2 0 |a právo štátne 
610 2 0 |a právo medzinárodné 
610 2 0 |a legislatíva 
610 2 0 |a normy 
610 2 0 |a spolupráca medzinárodná 
610 2 0 |a Európska únia 
610 2 0 |a harmonizácia 
100 1 |a Rusiňák, Peter